The $30,000 bequest and other stories / (رقم التسجيلة. 19241)

تفاصيل مارك
000 -الفاتح
حقل البيانات ثابتة الطول 01169cam a2200301 a 4500
001 - رقم الضبط
رقم الضبط 16130600
003 - محدد رقم الضبط
رقم الضبط OSt
005 - وقت وتاريخ اخر تعامل مع التسجيلة
رقم الضبط 20150408113954.0
008 - عناصر البيانات ثابتة الطول - معلومات عامة
حقل البيانات ثابتة الطول 111204s1996 nyua b 000 1 eng
010 ## - رقم ضبط مكتبة الكونجرس
رقم ضبط مكتبة الكونجرس 2010291896
020 ## - الرقم الدولى المعيارى للكتب
الرقم الدولى المعيارى للكتاب 9780199733491 (pbk. : acidfree paper)
040 ## - مصدر الفهرسة
وكالة الفهرسة الأصلية DLC
وكالة النسخ DLC
وكالة التعديل DLC
043 ## - رمز المنطقة الجغرافية
رمز المنطقة الجغرافية n-us---
050 00 - رقم طلب مكتبة الكونجرس
رقم التصنيف PS1322
رقم المادة .T4 2010
082 00 - رقم تصنيف ديوى العشرى
رقم التصنيف 823.4 T M T
رقم الطبعة 22
100 1# - المدخل الرئيسى - إسم شخصى
الإسم الشخصى Twain, Mark,
التواريخ المصاحبة للاسم 1835-1910.
245 14 - بيان العنوان
العنوان The $30,000 bequest and other stories /
بيان المسئوليه,etc Mark Twain ; foreword, Shelley Fisher Fishkin ; introduction, Frederick Busch ; afterword, Judith Yaross Lee.
246 3# - العنوان الموازى
عنوان صحيح/عنوان مختصر Thirty thousand dollar bequest and other stories
260 ## - PUBLICATION, DISTRIBUTION, ETC. (IMPRINT)
مكان الناشر او الموزع New York :
اسم الناشر او الموزع Oxford University Press,
تاريخ النشر أو التوزيع 1996.
300 ## - الوصف المادى
التعداد xlv, iv, 522, 29 p. :
تفاصيل ماديه اخرى للوعاء ill. ;
أبعاد الوعاء 22 cm.
490 0# - بيان السلسلة
عنوان السلسلة The Oxford Mark Twain
504 ## - تبصرة ببليوجرافية
تبصرة ببليوجرافية,الخ Includes bibliographical references.
650 #0 - المدخل الاضافى بالموضوع-مصطلح موضوعى
مصطلح موضوعي أو اسم جغرافي كعنصر مدخل Humorous stories, American.
9 (RLIN) 7178
651 #0 - المدخل الاضافى بالموضوع - اسم جغرافى
الاسم الجغرافي United States
التقسيم الفرعي العام Social life and customs
التقسيم الفرعي الشكلي Fiction.
9 (RLIN) 6947
906 ## - عنصر بيانات محلى F, LDF (RLIN)
a 7
b cbc
c orignew
d 2
e ncip
f 20
g y-gencatlg
942 ## - عناصر المدخل الإضافي( كوها)
مصدر التصنيف او مخطط الترفيف Dewey Decimal Classification
Koha [default] item type DVD
المقتنيات
حالة الفقد نموذج السعر الفعال حالة تلف ليس للاعارة رقم الطلب تاريخ الاكتساب الموقع الحالي الباركود الفرع الرئيسي Date last seen نوع المادة فى نظام كوها مصدر التصنيف او خطة الترفيف Total Checkouts
  2013-03-10     823.4 T M T 2011-12-04 قسم الاجراءات الفنية (IC) 00101024 قسم الاجراءات الفنية (IC) 2013-03-10 كتاب Dewey Decimal Classification  
  2013-03-10     823.4 T M T 2011-12-04 قسم الاجراءات الفنية (IC) 00101025 قسم الاجراءات الفنية (IC) 2013-03-10 كتاب Dewey Decimal Classification